[Event "XIV C.to Italiano U20"]
[Site "Bratto - Castione della Presolana ITA"]
[Date "2006.08.26"]
[Round "8"]
[White "Bartoli, Fabio"]
[Black "Zermian, Federico"]
[Result "1-0"]
[WhiteElo "1572"]
[BlackElo "1560"]
[PlyCount "71"]
[EventDate "2006.08.19"]

1. e4 e5 2. Nf3 Nc6 3. Bb5 a6 4. Ba4 Nf6 5. O-O b5 6. Bb3 Bc5 7. c3 O-O 8. d4
exd4 9. cxd4 Bb6 10. Bg5 h6 11. Bh4 Ne7 12. Bxf6 gxf6 13. Qd2 Kh7 14. Bc2 d6
15. Nh4 Rg8 16. Nc3 Ng6 17. Nxg6 Rxg6 18. Ne2 d5 19. exd5 f5 20. Ng3 Qxd5 21.
Rad1 Rd6 22. Qf4 Bxd4 23. Bxf5+ Bxf5 24. Nxf5 Bxf2+ 25. Kxf2 Qc5+ 26. Ne3 Qb6
27. Rxd6 cxd6 28. Qxf7+ Kh8 29. Qf6+ Kh7 30. Ke2 Rg8 31. Qe7+ Rg7 32. Rf7 Qd4
33. Rxg7+ Qxg7 34. Qxg7+ Kxg7 35. Nf5+ Kg6 36. Nxd6 1-0

[Event "XIV C.to Italiano U20"]
[Site "Bratto - Castione della Presolana ITA"]
[Date "2006.08.26"]
[Round "8"]
[White "Battistelli, Alessandro"]
[Black "Fratino, Lorenzo"]
[Result "1-0"]
[WhiteElo "1872"]
[BlackElo "1901"]
[PlyCount "35"]
[EventDate "2006.08.19"]

1. d4 d5 2. Nf3 c6 3. c4 Nf6 4. Nc3 a6 5. e3 b5 6. cxd5 cxd5 7. Ne5 e6 8. Bd3
Bd6 9. f4 O-O 10. O-O Nfd7 11. Qg4 f6 12. Qxe6+ Rf7 13. Qxf7+ Kh8 14. Nxd7 Bxd7
15. Qxd5 Bc6 16. Qh5 Qg8 17. Be4 Be8 18. Qd5 1-0

[Event "XIV C.to Italiano U20"]
[Site "Bratto - Castione della Presolana ITA"]
[Date "2006.08.26"]
[Round "8"]
[White "Bellemo, Davide"]
[Black "Rombaldoni, Denis"]
[Result "0-1"]
[WhiteElo "2093"]
[BlackElo "2348"]
[PlyCount "68"]
[EventDate "2006.08.19"]

1. d4 Nf6 2. c4 e6 3. Nf3 b6 4. g3 Ba6 5. b3 b5 6. cxb5 Bxb5 7. Bg2 Bb4+ 8. Bd2
a5 9. O-O Bc6 10. Bxb4 axb4 11. Nbd2 O-O 12. Qc2 Nd5 13. e3 Bb5 14. Rfe1 Nc6
15. Nc4 Qe7 16. e4 Nc3 17. Ne3 Qf6 18. a4 Ba6 19. Nd1 Qxf3 20. Bxf3 Nxd4 21.
Qb2 Nxf3+ 22. Kh1 Nxe1 23. Nxc3 Nd3 24. Qc2 bxc3 25. f3 f5 26. e5 f4 27. g4
Nxe5 28. Qxc3 Nxg4 29. Qxc7 Nf6 30. b4 Be2 31. Kg2 Rac8 32. Qe5 Rc2 33. Ra3
Bxf3+ 34. Kxf3 Rf2+ 0-1

[Event "XIV C.to Italiano U20"]
[Site "Bratto - Castione della Presolana ITA"]
[Date "2006.08.26"]
[Round "8"]
[White "Bernardini, Luca"]
[Black "Palmitessa, Andrea"]
[Result "1-0"]
[WhiteElo "1826"]
[BlackElo "1512"]
[PlyCount "59"]
[EventDate "2006.08.19"]

1. e4 e5 2. d4 exd4 3. Qxd4 Nc6 4. Qe3 d6 5. Nc3 Be6 6. Bd2 Nf6 7. Be2 Be7 8.
O-O-O Qd7 9. f4 Bg4 10. Nf3 Bxf3 11. Bxf3 Qe6 12. h3 a6 13. g4 h6 14. Kb1 Rd8
15. g5 hxg5 16. fxg5 Nd7 17. Nd5 Rc8 18. Bg4 Qg6 19. h4 f6 20. Bf5 Qh5 21. Nf4
Qxd1+ 22. Rxd1 Rxh4 23. Bg6+ Kf8 24. Ne6+ Kg8 25. Be1 Rh1 26. Qf3 Rh2 27. Bg3
Nde5 28. Qb3 Rg2 29. Nc5+ Kf8 30. Nd7+ 1-0

[Event "XIV C.to Italiano U20"]
[Site "Bratto - Castione della Presolana ITA"]
[Date "2006.08.26"]
[Round "8"]
[White "Cozzarin, Davide"]
[Black "Gallucci, Alessio"]
[Result "0-1"]
[WhiteElo "2062"]
[BlackElo "1840"]
[PlyCount "98"]
[EventDate "2006.08.19"]

1. d4 Nf6 2. c4 c5 3. d5 b5 4. cxb5 a6 5. f3 d6 6. e4 axb5 7. Bxb5+ Bd7 8.
Bxd7+ Nbxd7 9. Ne2 g6 10. O-O Bg7 11. Nbc3 O-O 12. Rb1 Nb6 13. b3 Qd7 14. Be3
Rfb8 15. Qd3 Qc8 16. Rfc1 Nfd7 17. Qc2 Qa6 18. Bf2 Ne5 19. Rd1 Rb7 20. Bg3 Rab8
21. Bxe5 Bxe5 22. Qd3 Qa5 23. Qe3 Bg7 24. f4 Na8 25. Rbc1 Nc7 26. Rc2 Nb5 27.
Nxb5 Qxb5 28. Rc4 Ra7 29. Qd2 Rba8 30. Nc1 Bd4+ 31. Kh1 Ra3 32. Qc2 Be3 33. Rd2
Bxf4 34. g3 Bxd2 35. Qxd2 Qa5 36. Qxa5 R8xa5 37. Rc2 Rb5 38. Nd3 Rba5 39. Nc1
Kg7 40. Kg2 f5 41. Kf3 Kf8 42. Ke3 Ra8 43. h4 Re8 44. exf5 gxf5 45. Kf4 e5+ 46.
dxe6 Rxe6 47. Nd3 Ra8 48. a4 Rae8 49. Nc1 Re4+ 0-1

[Event "XIV C.to Italiano U20"]
[Site "Bratto - Castione della Presolana ITA"]
[Date "2006.08.26"]
[Round "8"]
[White "Dini, Andrea"]
[Black "Lai, Luca"]
[Result "0-1"]
[WhiteElo "1930"]
[BlackElo "1877"]
[PlyCount "108"]
[EventDate "2006.08.19"]

1. d4 d5 2. c4 e5 3. dxe5 d4 4. a3 Nc6 5. Nf3 Bg4 6. Bg5 f6 7. exf6 Nxf6 8.
Nbd2 a5 9. Qc2 Qd7 10. Bxf6 gxf6 11. Qe4+ Be6 12. g3 O-O-O 13. O-O-O Bf5 14.
Qd5 Qxd5 15. cxd5 Rxd5 16. e4 dxe3 17. fxe3 Rc5+ 18. Nc4 b5 19. b4 axb4 20.
axb4 Nxb4 21. Nd4 Be4 22. Ne6 Bxh1 23. Rd8+ Kb7 24. Nxc5+ Bxc5 25. Rxh8 bxc4
26. Bxc4 Bxe3+ 27. Kd1 Bf3+ 28. Be2 Be4 29. Bc4 Kc6 30. Ke2 Bd4 31. Kd2 Kc5 32.
Be2 c6 33. h4 Nd5 34. Bd3 Be3+ 35. Ke2 Bxd3+ 36. Kxd3 h6 37. Rf8 Bf2 38. Rh8
Bxg3 39. Rxh6 f5 40. h5 Be5 41. Ke2 Nf6 42. Rh8 Ng4 43. Rf8 Nh6 44. Kf3 Kd5 45.
Rd8+ Bd6 46. Rh8 Nf7 47. Rh7 Ke6 48. Rg7 Ne5+ 49. Ke2 Kf6 50. Ra7 Kg5 51. Rh7
Ng4 52. Rd7 Bb4 53. Rf7 Nh6 54. Rc7 c5 0-1

[Event "XIV C.to Italiano U20"]
[Site "Bratto - Castione della Presolana ITA"]
[Date "2006.08.26"]
[Round "8"]
[White "Dvirnyy, Danyyil"]
[Black "Caruana, Fabiano"]
[Result "0-1"]
[WhiteElo "2280"]
[BlackElo "2444"]
[PlyCount "94"]
[EventDate "2006.08.19"]

1. e4 e6 2. d4 d5 3. exd5 exd5 4. Bd3 c5 5. dxc5 Bxc5 6. Nd2 Nf6 7. Nb3 Bb6 8.
Nf3 O-O 9. O-O Bg4 10. c3 h6 11. Nbd4 Bxd4 12. cxd4 Nc6 13. Be3 Qb6 14. Qd2
Bxf3 15. gxf3 Qb4 16. Qxb4 Nxb4 17. Bf5 Nc6 18. Rac1 Rfe8 19. Rc5 Re7 20. Rd1
Rd8 21. a3 Ne8 22. b4 Nc7 23. Bc2 Ne6 24. Rc3 a6 25. Kf1 Rc7 26. f4 Ne7 27.
Rxc7 Nxc7 28. f5 f6 29. Rc1 Nb5 30. Bb3 Rd7 31. a4 Nd6 32. b5 axb5 33. axb5
Ndxf5 34. b6 Rd6 35. Rc5 Kf7 36. Rc7 Rxb6 37. Bxd5+ Ke8 38. Be4 Nd6 39. d5 Rb5
40. Bf3 Kd8 41. Rc5 Nef5 42. Rc2 Rb3 43. Ke2 Nxe3 44. fxe3 Nf5 45. Bg4 Rxe3+
46. Kf2 Re5 47. Rb2 Nd6 0-1

[Event "XIV C.to Italiano U20"]
[Site "Bratto - Castione della Presolana ITA"]
[Date "2006.08.26"]
[Round "8"]
[White "Lain, Luigi"]
[Black "Boscolo, Marco"]
[Result "1-0"]
[WhiteElo "2254"]
[BlackElo "2041"]
[PlyCount "53"]
[EventDate "2006.08.19"]

1. d4 e6 2. c4 Nf6 3. Nc3 Bb4 4. Qc2 O-O 5. Bg5 h6 6. Bh4 b6 7. e4 g5 8. Bg3 d5
9. e5 Ne4 10. O-O-O f5 11. exf6 Bxc3 12. f3 Qxf6 13. fxe4 Bxd4 14. Nf3 Be3+ 15.
Kb1 Nd7 16. cxd5 Nc5 17. b4 Na6 18. dxe6 Qe7 19. a3 Bf4 20. Bc4 b5 21. Bd5 Bxe6
22. Bxa8 c5 23. Bd5 cxb4 24. Bxf4 gxf4 25. Qb3 Nc5 26. Bxe6+ Nxe6 27. Rd5 1-0

[Event "XIV C.to Italiano U20"]
[Site "Bratto - Castione della Presolana ITA"]
[Date "2006.08.26"]
[Round "8"]
[White "Lapiccirella, Daniele"]
[Black "Vocaturo, Daniele"]
[Result "0-1"]
[WhiteElo "2146"]
[BlackElo "2410"]
[PlyCount "46"]
[EventDate "2006.08.19"]

1. d4 Nf6 2. c4 g6 3. Nc3 Bg7 4. e4 d6 5. f3 O-O 6. Be3 c5 7. Nge2 Nc6 8. Qd2
e6 9. d5 Ne5 10. Ng3 exd5 11. cxd5 a6 12. a4 h5 13. Bg5 h4 14. Bxh4 Nxe4 15.
Bxd8 Nxd2 16. Bc7 Nxf1 17. Rxf1 Re8 18. O-O-O Nc4 19. Rfe1 Bd7 20. Nge4 Be5 21.
b3 Rac8 22. bxc4 Rxc7 23. g3 f5 0-1

[Event "XIV C.to Italiano U20"]
[Site "Bratto - Castione della Presolana ITA"]
[Date "2006.08.26"]
[Round "8"]
[White "Locci, Damiano"]
[Black "Testa, Adriano"]
[Result "1-0"]
[WhiteElo "1976"]
[BlackElo "1729"]
[PlyCount "71"]
[EventDate "2006.08.19"]

1. e4 d5 2. Nc3 dxe4 3. Nxe4 Qd5 4. Nc3 Qa5 5. d4 Nf6 6. Nf3 c6 7. Bc4 Bf5 8.
Bd2 e6 9. O-O Bb4 10. Re1 O-O 11. a3 Bxc3 12. Bxc3 Qc7 13. Bd3 Bxd3 14. Qxd3
Nbd7 15. Ne5 Nxe5 16. dxe5 Nd5 17. Bd2 Ne7 18. Qg3 Nf5 19. Qg4 Rad8 20. Bg5 Rd4
21. Qe2 h6 22. c3 Rd5 23. Bf4 Ne7 24. Qe3 Ng6 25. Bg3 b6 26. h4 Rfd8 27. h5 Ne7
28. Qe4 Rd2 29. Bh4 Rxb2 30. Re3 Rdd2 31. Qg4 Nf5 32. Bf6 Rxf2 33. Rg3 Rxg2+
34. Rxg2 Rxg2+ 35. Qxg2 Kh7 36. Rf1 1-0

[Event "XIV C.to Italiano U20"]
[Site "Bratto - Castione della Presolana ITA"]
[Date "2006.08.26"]
[Round "8"]
[White "Manconi, Antonio"]
[Black "Bosi, Clint"]
[Result "1/2-1/2"]
[WhiteElo "2023"]
[BlackElo "2050"]
[PlyCount "68"]
[EventDate "2006.08.19"]

1. e4 c5 2. Nf3 Nc6 3. d4 cxd4 4. Nxd4 e5 5. Nb5 d6 6. N1c3 a6 7. Na3 b5 8. Nd5
Nf6 9. Bg5 Be6 10. Bxf6 gxf6 11. c4 Bh6 12. Bd3 Qa5+ 13. Kf1 Bxd5 14. exd5 Nd4
15. cxb5 axb5 16. Nc2 Nxc2 17. Qxc2 Ke7 18. Bf5 b4 19. Qb3 Ra7 20. g3 Rc7 21.
Kg2 Rc5 22. a3 Rb8 23. Qf3 b3 24. Rhd1 Rc2 25. Rab1 Qc5 26. Rd3 Bc1 27. Be4
Bxb2 28. Re3 Rd2 29. Rd3 Rxd3 30. Qxd3 Bd4 31. Rxb3 Rxb3 32. Qxb3 Bxf2 33. Bxh7
Qb6 34. Qxb6 Bxb6 1/2-1/2

[Event "XIV C.to Italiano U20"]
[Site "Bratto - Castione della Presolana ITA"]
[Date "2006.08.26"]
[Round "8"]
[White "Marazzi, Dominic"]
[Black "Parodi, Alessandro"]
[Result "1-0"]
[WhiteElo "1679"]
[BlackElo "1918"]
[PlyCount "115"]
[EventDate "2006.08.19"]

1. e4 d6 2. d4 Nf6 3. f3 g6 4. c4 Bg7 5. Nc3 O-O 6. Be3 c5 7. dxc5 dxc5 8. Qxd8
Rxd8 9. Bxc5 Nc6 10. Nge2 b6 11. Ba3 Bb7 12. Rd1 Rxd1+ 13. Nxd1 Rd8 14. Nec3 e6
15. Be2 Nd4 16. Ne3 Nh5 17. Kf2 Ba6 18. Rd1 Rc8 19. b3 Nxb3 20. axb3 Bxc3 21.
Rd7 Ra8 22. g3 Kg7 23. Ng4 Nf6 24. Nxf6 Bxf6 25. f4 Bc8 26. Rd1 e5 27. Bb2 exf4
28. Bxf6+ Kxf6 29. gxf4 Be6 30. Ke3 Ke7 31. h4 Rd8 32. Rxd8 Kxd8 33. Kd4 Ke7
34. e5 a5 35. Bf3 h6 36. Bd5 Bc8 37. c5 b5 38. c6 a4 39. bxa4 bxa4 40. Kc3 f6
41. Kb4 g5 42. exf6+ Kxf6 43. fxg5+ hxg5 44. hxg5+ Kxg5 45. Kxa4 Kf6 46. Kb5
Ke7 47. Kb6 Kd6 48. Bf3 Bd7 49. c7 Bc8 50. Bc6 Be6 51. Kb7 Bf5 52. Bg2 Be6 53.
Kb8 Kc5 54. Bb7 Kb6 55. Bc8 Bd5 56. Bg4 Bb7 57. Bf3 Ba6 58. Ba8 1-0

[Event "XIV C.to Italiano U20"]
[Site "Bratto - Castione della Presolana ITA"]
[Date "2006.08.26"]
[Round "8"]
[White "Mereu, Matteo"]
[Black "Stella, Andrea"]
[Result "0-1"]
[WhiteElo "1497"]
[BlackElo "2120"]
[PlyCount "58"]
[EventDate "2006.08.19"]

1. e4 c5 2. b4 b6 3. f4 Bb7 4. d3 e6 5. Nf3 d6 6. bxc5 bxc5 7. Nbd2 Nc6 8. Be2
Nf6 9. h3 Nh5 10. Nf1 Be7 11. Rg1 e5 12. f5 Nf4 13. Bxf4 exf4 14. g3 fxg3 15.
Nxg3 Bf6 16. Rb1 Rb8 17. Kf1 g6 18. Qd2 Nd4 19. Nxd4 Bxd4 20. Rg2 Qh4 21. Bg4
O-O 22. Ne2 Bxe4 23. Rxb8 Bxg2+ 24. Kxg2 Rxb8 25. Nxd4 cxd4 26. fxg6 hxg6 27.
Qc1 Qd8 28. Kg3 Qa5 29. Qf4 Qe5 0-1

[Event "XIV C.to Italiano U20"]
[Site "Bratto - Castione della Presolana ITA"]
[Date "2006.08.26"]
[Round "8"]
[White "Mora, Lorenzo"]
[Black "Pulcini, Giorgio"]
[Result "1-0"]
[WhiteElo "1871"]
[BlackElo "1659"]
[PlyCount "97"]
[EventDate "2006.08.19"]

1. Nf3 Nf6 2. g3 b6 3. Bg2 Bb7 4. d3 d5 5. O-O e6 6. Nbd2 Nc6 7. b3 Bd6 8. Bb2
O-O 9. e4 e5 10. a4 d4 11. Nc4 Nd7 12. Nfd2 Bb4 13. f4 f6 14. f5 Na5 15. Nxa5
Bxa5 16. Ba3 c5 17. h4 Bc3 18. Rb1 a5 19. Bc1 Qe7 20. Nf3 Rfb8 21. g4 Kf7 22.
g5 Rg8 23. Kf2 b5 24. h5 bxa4 25. Rh1 axb3 26. cxb3 Bc6 27. h6 gxh6 28. Rxh6 a4
29. bxa4 Bxa4 30. Qh1 Bc2 31. Rb7 Ra2 32. Rxh7+ Rg7 33. g6+ Kf8 34. Rxg7 Bxd3+
35. Kg3 Rxg2+ 36. Kxg2 Qxg7 37. Bh6 Bxe4 38. Bxg7+ Ke7 39. Bxf6+ Kd6 40. Rxd7+
Kxd7 41. Bxe5 c4 42. Qh7+ Kc6 43. Qc7+ Kb5 44. g7 Kb4 45. g8=Q Kb3 46. Qcxc4+
Kb2 47. Qb3+ Kc1 48. Bf4+ Bd2 49. Bxd2# 1-0

[Event "XIV C.to Italiano U20"]
[Site "Bratto - Castione della Presolana ITA"]
[Date "2006.08.26"]
[Round "8"]
[White "Paladino, Giovanni"]
[Black "Sala, Giovanni"]
[Result "1-0"]
[WhiteElo "1760"]
[BlackElo "1968"]
[PlyCount "54"]
[EventDate "2006.08.19"]

1. e4 c5 2. Nf3 d6 3. d4 cxd4 4. Nxd4 Nf6 5. Nc3 a6 6. Be3 e5 7. Nb3 Be7 8. a4
Be6 9. Be2 Nbd7 10. O-O O-O 11. f4 exf4 12. Rxf4 Re8 13. Nd4 Qc7 14. Nxe6 fxe6
15. Bg4 Nxg4 16. Qxg4 Bf6 17. Qh5 Ne5 18. Raf1 Ng6 19. R4f3 Nf8 20. e5 Bxe5 21.
Ne4 Re7 22. Ng5 g6 23. Qh4 d5 24. c3 Bg7 25. Bd4 e5 26. Be3 h6 27. Nh3 Qc4 1-0

[Event "XIV C.to Italiano U20"]
[Site "Bratto - Castione della Presolana ITA"]
[Date "2006.08.26"]
[Round "8"]
[White "Pomaro, Alberto"]
[Black "Fossati, Remigio"]
[Result "1-0"]
[WhiteElo "2046"]
[BlackElo "2203"]
[PlyCount "149"]
[EventDate "2006.08.19"]

1. d4 d5 2. c4 e6 3. Nc3 c6 4. cxd5 exd5 5. Qc2 Bd6 6. Nf3 Ne7 7. Bg5 f6 8. Bh4
Bf5 9. Qd2 Nd7 10. e3 O-O 11. Bd3 a5 12. Bg3 Nb6 13. O-O Bxg3 14. hxg3 Re8 15.
Rab1 Nc4 16. Qc2 Bxd3 17. Qxd3 Nd6 18. Na4 Ng6 19. Rfc1 Nf8 20. Nc5 Nd7 21. Qc2
Qe7 22. Nh4 Rec8 23. Nf5 Nxf5 24. Qxf5 Nxc5 25. Rxc5 Re8 26. b3 Qd6 27. Qc2
Rec8 28. Rc1 Ra6 29. Qc3 Rca8 30. e4 dxe4 31. Qc4+ Kh8 32. d5 Re8 33. dxc6 Rxc6
34. Rxc6 bxc6 35. Qxc6 Qe5 36. Qc5 Qe6 37. Rc3 Qa6 38. Qc6 Qxc6 39. Rxc6 Kg8
40. Rc5 Ra8 41. Kf1 Kf7 42. Ke2 Ke6 43. Ke3 f5 44. g4 fxg4 45. Kxe4 a4 46. b4
Rd8 47. Re5+ Kf6 48. Rd5 Re8+ 49. Kd3 Re1 50. Ra5 h5 51. Rxa4 h4 52. Ra8 Ra1
53. a4 h3 54. gxh3 gxh3 55. Rh8 Rxa4 56. Kc4 Ra2 57. Kb3 Rd2 58. b5 g5 59. b6
Rd6 60. Rh6+ Ke7 61. b7 Rxh6 62. b8=Q h2 63. Qe5+ Kf7 64. Qd5+ Kg6 65. Qh1 Rh4
66. Kc3 Kh5 67. Kd3 Kh6 68. Ke3 Rh3+ 69. Ke4 Kg6 70. Ke5 Rh4 71. f4 gxf4 72.
Qc6+ Kh7 73. Qd7+ Kg6 74. Qf5+ Kh6 75. Kf6 1-0

[Event "XIV C.to Italiano U20"]
[Site "Bratto - Castione della Presolana ITA"]
[Date "2006.08.26"]
[Round "8"]
[White "Popa, Dragos"]
[Black "Finocchiaro, Gianluca"]
[Result "1-0"]
[WhiteElo "1703"]
[BlackElo "1986"]
[PlyCount "77"]
[EventDate "2006.08.19"]

1. e4 d6 2. Nc3 Nf6 3. Nge2 e5 4. d3 Nbd7 5. g3 c6 6. Bg2 Be7 7. O-O O-O 8. h3
Qc7 9. f4 b5 10. Qe1 Bb7 11. f5 b4 12. Nd1 d5 13. g4 dxe4 14. dxe4 Nc5 15. Ng3
h6 16. Kh2 Nfd7 17. Nh5 Nf6 18. Nxf6+ Bxf6 19. Qxb4 Na6 20. Qe1 Qe7 21. Be3 c5
22. c4 Nb4 23. Qf2 Rac8 24. Nc3 Nd3 25. Qe2 Nf4 26. Bxf4 exf4 27. Qf3 Be5 28.
Rab1 Ba6 29. Nd5 Qg5 30. b3 Rfe8 31. Kh1 Rcd8 32. Rfd1 Bb7 33. Rd2 Bxd5 34.
exd5 f6 35. Rbd1 Qh4 36. Qf2 Qg5 37. Bf3 Kh7 38. h4 Bd4 39. Qh2 1-0

[Event "XIV C.to Italiano U20"]
[Site "Bratto - Castione della Presolana ITA"]
[Date "2006.08.26"]
[Round "8"]
[White "Puleo, Diego"]
[Black "De Nisi, Mario"]
[Result "0-1"]
[WhiteElo "1767"]
[BlackElo "1974"]
[PlyCount "78"]
[EventDate "2006.08.19"]

1. e4 e6 2. d4 d5 3. Nc3 Nf6 4. e5 Nfd7 5. f4 a6 6. f5 Nb6 7. fxe6 Bxe6 8. Nf3
Be7 9. Ne2 g5 10. h4 g4 11. Ng5 Bf5 12. Ng3 Bd7 13. e6 Bxe6 14. Nxe6 fxe6 15.
Qxg4 Kd7 16. Bf4 Nc6 17. O-O-O Qf8 18. c3 Rg8 19. Qf3 Re8 20. Re1 Bd6 21. Ne2
Bxf4+ 22. Qxf4 e5 23. Qxf8 Rgxf8 24. g3 exd4 25. Bh3+ Kd6 26. Nxd4 Nxd4 27.
cxd4 Nc4 28. b3 Na3 29. Rxe8 Rxe8 30. Kd2 Nb5 31. Re1 Rxe1 32. Kxe1 a5 33. Bc8
b6 34. g4 h6 35. Kf2 Nxd4 36. Ke3 Ke5 37. g5 hxg5 38. hxg5 c5 39. g6 Kf6 0-1

[Event "XIV C.to Italiano U20"]
[Site "Bratto - Castione della Presolana ITA"]
[Date "2006.08.26"]
[Round "8"]
[White "Regorda, Massimiliano"]
[Black "Rombaldoni, Brian"]
[Result "0-1"]
[WhiteElo "1882"]
[BlackElo "1704"]
[PlyCount "116"]
[EventDate "2006.08.19"]

1. e4 c6 2. d4 d5 3. Nc3 dxe4 4. Nxe4 Bf5 5. Ng3 Bg6 6. Nf3 Nd7 7. Bd3 Bxd3 8.
Qxd3 Ngf6 9. O-O Qc7 10. Re1 e6 11. Ne5 Rd8 12. Nxd7 Rxd7 13. Bg5 Be7 14. c3 c5
15. Rad1 cxd4 16. cxd4 Qa5 17. Bxf6 Bxf6 18. Qc3 Qxa2 19. Ra1 Qd5 20. Rxa7 O-O
21. Qc5 Qxd4 22. Qxd4 Bxd4 23. Ra2 Bc5 24. Ne4 Bb4 25. Rea1 h6 26. Ra4 Rfd8 27.
g3 Be7 28. Ra8 f5 29. Nc3 Bf6 30. Rxd8+ Rxd8 31. Ra7 Rd7 32. Kf1 Rc7 33. Nb5
Rc1+ 34. Kg2 Rc2 35. Rxb7 Rxb2 36. Nd6 Rxb7 37. Nxb7 Be7 38. Kf3 e5 39. g4 g6
40. gxf5 gxf5 41. Na5 Kf7 42. Nc4 Ke6 43. Ne3 e4+ 44. Ke2 Bg5 45. f3 exf3+ 46.
Kxf3 Bxe3 47. Kxe3 Ke5 48. Kf3 f4 49. Kf2 Ke4 50. Ke2 h5 51. Kf2 f3 52. Kf1 Ke3
53. Ke1 h4 54. Kf1 Ke4 55. Kf2 Kf4 56. Kf1 Ke3 57. Ke1 f2+ 58. Kf1 Kf3 0-1

[Event "XIV C.to Italiano U20"]
[Site "Bratto - Castione della Presolana ITA"]
[Date "2006.08.26"]
[Round "8"]
[White "Ronchetti, Niccolo'"]
[Black "Navarro, Stefano"]
[Result "1-0"]
[WhiteElo "2421"]
[BlackElo "2224"]
[PlyCount "69"]
[EventDate "2006.08.19"]

1. e4 e5 2. Nf3 Nc6 3. Bb5 a6 4. Ba4 f5 5. d4 exd4 6. e5 Bc5 7. c3 dxc3 8. Nxc3
Nge7 9. Bb3 d5 10. O-O O-O 11. Nxd5 Nxd5 12. Bxd5+ Kh8 13. Ng5 Qe8 14. e6 Nd8
15. Re1 h6 16. Nf7+ Kh7 17. Nxd8 Qxd8 18. Bf4 c6 19. Bb3 Qe7 20. Rc1 Bb4 21.
Re2 Re8 22. a3 Ba5 23. Qc2 Qf6 24. Qc5 Bd8 25. Rce1 Be7 26. Qc2 g6 27. h3 Qd4
28. Qc1 g5 29. Be5 Qb6 30. Bc2 Bxe6 31. Bc3 Bc5 32. b4 Bxf2+ 33. Rxf2 Bd7 34.
Rd1 Rad8 35. Rxd7+ 1-0

[Event "XIV C.to Italiano U20"]
[Site "Bratto - Castione della Presolana ITA"]
[Date "2006.08.26"]
[Round "8"]
[White "Stromboli, Carlo"]
[Black "Bonafede, Alessandro"]
[Result "1/2-1/2"]
[WhiteElo "2196"]
[BlackElo "2175"]
[PlyCount "113"]
[EventDate "2006.08.19"]

1. e4 c5 2. Nf3 Nc6 3. d4 cxd4 4. Nxd4 Nf6 5. Nc3 e5 6. Ndb5 d6 7. Bg5 a6 8.
Na3 b5 9. Nd5 Be7 10. Bxf6 Bxf6 11. c3 Ne7 12. Nc2 Nxd5 13. Qxd5 Rb8 14. Ne3
Bb7 15. Qd3 O-O 16. Be2 Qb6 17. O-O Bg5 18. Nd5 Bxd5 19. Qxd5 Rfd8 20. c4 b4
21. b3 a5 22. a3 a4 23. Rfb1 bxa3 24. b4 Ra8 25. Rxa3 Rdc8 26. g3 Qc6 27. Qxc6
Rxc6 28. Rba1 Rb6 29. Rxa4 Rab8 30. Rd1 Be7 31. Rb1 g6 32. b5 Kf8 33. Kg2 Bd8
34. Ra7 R6b7 35. Ra6 Bb6 36. Rd1 Ke7 37. f4 f6 38. Rda1 Rc7 39. Ra8 Rcc8 40.
R8a4 Rf8 41. Bd3 Rfd8 42. Kf3 Bd4 43. R1a2 Bb6 44. h4 h6 45. f5 g5 46. Rh2 Rh8
47. h5 Rhd8 48. g4 Rdc8 49. Rc2 Bc5 50. Rca2 Kd7 51. Bc2 Rc7 52. Ra6 Rcb7 53.
Ba4 Rb6 54. Ra7+ R8b7 55. Rxb7+ Rxb7 56. b6+ Kc8 57. Bb5 1/2-1/2

[Event "XIV C.to Italiano U20"]
[Site "Bratto - Castione della Presolana ITA"]
[Date "2006.08.26"]
[Round "8"]
[White "Stromboli, Ettore"]
[Black "Valsecchi, Alessio"]
[Result "1-0"]
[WhiteElo "2224"]
[BlackElo "2004"]
[PlyCount "89"]
[EventDate "2006.08.19"]

1. e4 c5 2. Nf3 Nc6 3. d4 cxd4 4. Nxd4 g6 5. c4 Bg7 6. Be3 Nf6 7. Nc3 O-O 8.
Be2 d6 9. O-O Bd7 10. Rc1 Nxd4 11. Bxd4 Bc6 12. f3 a5 13. Nd5 Bxd5 14. cxd5 Nd7
15. Bxg7 Kxg7 16. Qd4+ Kg8 17. Rc3 Rc8 18. Rfc1 Rxc3 19. Rxc3 Nc5 20. f4 Qd7
21. h3 b6 22. b3 e5 23. fxe5 dxe5 24. Qxe5 Re8 25. Qf6 Nxe4 26. Qc6 Qxc6 27.
Rxc6 Rd8 28. Bf3 Nd2 29. d6 Nxf3+ 30. gxf3 b5 31. Kf2 f5 32. Ke3 Kf7 33. Rb6 b4
34. Rb7+ Kf6 35. Rxh7 Rxd6 36. Ra7 Re6+ 37. Kf4 g5+ 38. Kg3 Re2 39. Ra6+ Kg7
40. Rxa5 Kg6 41. h4 f4+ 42. Kh3 Rf2 43. Rxg5+ Kf6 44. Kg4 Rxa2 45. Rb5 1-0

[Event "XIV C.to Italiano U20"]
[Site "Bratto - Castione della Presolana ITA"]
[Date "2006.08.26"]
[Round "8"]
[White "Taglione, Stefano"]
[Black "Cocuzzi, Edoardo"]
[Result "0-1"]
[WhiteElo "1667"]
[BlackElo "1689"]
[PlyCount "90"]
[EventDate "2006.08.19"]

1. e4 e5 2. Nf3 Nc6 3. Bb5 a6 4. Ba4 b5 5. Bb3 Bc5 6. c3 d6 7. d4 exd4 8. cxd4
Bb6 9. O-O h6 10. h3 Nge7 11. d5 Ne5 12. Nxe5 dxe5 13. Be3 Bxe3 14. fxe3 O-O
15. Qh5 Qd6 16. Nc3 f5 17. exf5 Bxf5 18. e4 Bh7 19. Qh4 Kh8 20. Kh1 Ng8 21. g4
b4 22. Ne2 Bxe4+ 23. Kh2 Bxd5 24. Bxd5 Rxf1 25. Rxf1 Qxd5 26. Ng3 Qd2+ 27. Kg1
Qd4+ 28. Kh1 Re8 29. Nf5 Qe4+ 30. Kg1 Qc4 31. Qh5 Qe6 32. Nxh6 Nxh6 33. g5 Rd8
34. gxh6 gxh6 35. Rf7 Rg8+ 36. Kf2 Qb6+ 37. Kf3 Qc6+ 38. Ke3 Qc1+ 39. Ke4 Qc2+
40. Kd5 Qd3+ 41. Kxe5 Rg5+ 42. Qxg5 hxg5 43. Kf6 Qxh3 44. Kg6 Qe6+ 45. Rf6
Qxf6+ 0-1

[Event "XIV C.to Italiano U20"]
[Site "Bratto - Castione della Presolana ITA"]
[Date "2006.08.27"]
[Round "9"]
[White "Bernardini, Luca"]
[Black "Torrisi, Andrea"]
[Result "1-0"]
[WhiteElo "1826"]
[BlackElo "1917"]
[PlyCount "129"]
[EventDate "2006.08.19"]

1. e4 c5 2. Nc3 Nc6 3. g3 g6 4. Bg2 Bg7 5. d3 d6 6. Be3 Nf6 7. h3 O-O 8. Nge2
Rb8 9. O-O a6 10. Qd2 b5 11. f4 Bb7 12. g4 b4 13. Nd1 Nd7 14. Ng3 e6 15. f5
exf5 16. exf5 Bd4 17. c3 Bxe3+ 18. Nxe3 Nce5 19. Bxb7 Rxb7 20. Nd5 bxc3 21.
bxc3 Qh4 22. Kg2 Rfb8 23. Ne2 gxf5 24. Rxf5 Rb2 25. Qe3 Qd8 26. Kg3 Ng6 27. Rh5
Nf6 28. Nxf6+ Qxf6 29. d4 R8b7 30. Ng1 Re7 31. Qf3 Qxf3+ 32. Nxf3 Rc2 33. dxc5
dxc5 34. Rxc5 Re3 35. Re1 Rxe1 36. Nxe1 Rxa2 37. Nd3 a5 38. h4 a4 39. h5 Rd2
40. Nb4 Ne7 41. Ra5 Rd1 42. Rxa4 Rg1+ 43. Kf4 Kg7 44. Ra5 h6 45. Rc5 Rf1+ 46.
Ke5 Re1+ 47. Kd6 Re6+ 48. Kd7 Ng8 49. g5 Re7+ 50. Kd8 Re3 51. Nc6 Rh3 52. gxh6+
Kxh6 53. Ne5 f6 54. Ng4+ Kg7 55. c4 Rd3+ 56. Rd5 Rxd5+ 57. cxd5 f5 58. Ne3 f4
59. Ng4 Nh6 60. Nf2 Ng8 61. Ne4 f3 62. d6 Kh6 63. d7 f2 64. Nxf2 Nf6 65. Ng4+
1-0

[Event "XIV C.to Italiano U20"]
[Site "Bratto - Castione della Presolana ITA"]
[Date "2006.08.27"]
[Round "9"]
[White "Bonafede, Alessandro"]
[Black "Locci, Damiano"]
[Result "1-0"]
[WhiteElo "2175"]
[BlackElo "1976"]
[PlyCount "111"]
[EventDate "2006.08.19"]

1. e4 d5 2. exd5 Qxd5 3. Nc3 Qa5 4. d4 c6 5. Nf3 Nf6 6. Ne5 Bf5 7. g4 Bg6 8. h4
Ne4 9. Bd2 Qb6 10. Nxg6 Nxc3 11. Bxc3 hxg6 12. Qf3 e6 13. O-O-O Nd7 14. Bc4 Nf6
15. Rhe1 Be7 16. h5 gxh5 17. gxh5 O-O-O 18. Re5 Qc7 19. Rg5 Bd6 20. Rxg7 Nxh5
21. Bxe6+ Kb8 22. Rxf7 Bf4+ 23. Kb1 Qd6 24. Bg4 Nf6 25. d5 Rh6 26. Bxf6 Rxf6
27. Rxf6 Qxf6 28. dxc6 Rxd1+ 29. Qxd1 bxc6 30. Qd7 a5 31. a3 Qg5 32. Qc8+ Ka7
33. Bf3 Qb5 34. Qxc6 Qxc6 35. Bxc6 Kb6 36. Be4 Kc5 37. c3 Bg5 38. Kc2 Kc4 39.
b3+ Kb5 40. Bd3+ Kb6 41. b4 a4 42. Bg6 Bf4 43. Be8 Kc7 44. Bxa4 Kb6 45. Be8 Bg5
46. f3 Bf4 47. a4 Ka6 48. c4 Bd6 49. Kb3 Bf4 50. a5 Kb7 51. c5 Be3 52. Kc4 Bd2
53. Kb5 Kc7 54. a6 Be3 55. Bc6 Kb8 56. Kb6 1-0